[Event "GER-chT U14 Girls"]
[Site "Arendsee"]
[Date "2011.12.29"]
[Round "6.4"]
[White "Thoelke, Nina"]
[Black "Schneider, Anna"]
[Result "0-1"]
[WhiteElo "1013"]
[BlackElo "964"]
[PlyCount "126"]
[EventDate "2011.12.27"]
[EventType "team-swiss"]
[EventRounds "7"]
[EventCountry "GER"]
[SourceTitle "EXT 2022"]
[Source "ChessBase"]
[SourceDate "2021.10.06"]
[SourceVersion "1"]
[SourceVersionDate "2021.10.06"]
[SourceQuality "1"]
[WhiteTeam "Paderborn U14 Girls"]
[BlackTeam "Lahnstein Turm U14 Girls"]
[WhiteTeamCountry "GER"]
[BlackTeamCountry "GER"]

1. e4 e5 2. Nf3 Nc6 3. Bc4 Be7 4. d3 Nf6 5. 0-0 d5 6. exd5 Nxd5 7. h3 0-0 8. Nc3 Nxc3 9. bxc3 Bc5 10. Re1 Re8 11. Bb2 Bb6 12. d4 exd4 13. Rxe8+ Qxe8 14. cxd4 Bf5 15. Ng5 Qd7 16. c3 Rf8 17. Ba3 Ne7 18. Bd3 Bxd3 19. Qxd3 g6 20. Ne4 Qe6 21. Qc2 Re8 22. f3 f5 23. Nc5 Bxc5 24. Bxc5 b6 25. Ba3 Nd5 26. Qd2 Qe3+ 27. Qf2 Qxc3 28. Qb2 Qxb2 29. Bxb2 Re2 30. Ba3 Nf4 31. Kf1 Rd2 32. g3 Ne6 33. Re1 Kf7 34. Bb4 Rxd4 35. Bc3 Rd3 36. Be5 Rxf3+ 37. Kg2 Ra3 38. Re2 Ra4 39. Rd2 Ke7 40. Re2 Re4 41. Rxe4 fxe4 42. Kf2 Kd7 43. Ke3 Kc6 44. Kxe4 Kb5 45. Kd5 Ng5 46. h4 c6+ 47. Kd6 Nf7+ 48. Ke6 Nxe5 49. Kxe5 Kc4 50. Kd6 c5 51. Kc6 Kd3 52. Kb7 c4 53. Kxa7 c3 54. a4 c2 55. Kxb6 c1Q 56. a5 Qb2+ 57. Ka7 Qb5 58. a6 Kc4 59. g4 Kc5 60. g5 Qb6+ 61. Ka8 Kc6 62. h5 Kc7 63. a7 Qb7# 0-1

[Event "GER-chT U14 Girls"]
[Site "Arendsee"]
[Date "2011.12.27"]
[Round "2.4"]
[White "Thoelke, Nina"]
[Black "Jentzsch, Juliane"]
[Result "0-1"]
[WhiteElo "1013"]
[BlackElo "1227"]
[PlyCount "90"]
[EventDate "2011.12.27"]
[EventType "team-swiss"]
[EventRounds "7"]
[EventCountry "GER"]
[SourceTitle "EXT 2022"]
[Source "ChessBase"]
[SourceDate "2021.10.06"]
[SourceVersion "1"]
[SourceVersionDate "2021.10.06"]
[SourceQuality "1"]
[WhiteTeam "Paderborn U14 Girls"]
[BlackTeam "Chemnitz USG U14 Girls"]
[WhiteTeamCountry "GER"]
[BlackTeamCountry "GER"]

1. e4 c5 2. Nf3 Nc6 3. Bc4 g6 4. d3 Bg7 5. 0-0 Nf6 6. Nc3 0-0 7. Bf4 e6 8. Bd6 Re8 9. Bxc5 d6 10. Be3 d5 11. Bb5 Bd7 12. Bg5 Qb6 13. e5 Ng4 14. d4 Nh6 15. Qd2 Nf5 16. Qd3 Nb4 17. Qd2 Bxb5 18. Nxb5 Qxb5 19. c3 Nc6 20. a4 Qc4 21. Qc2 Na5 22. b3 Qxb3 23. Rab1 Qxc2 24. Rfc1 Qxa4 25. Ra1 Qb5 26. Rcb1 Qd3 27. Ne1 Qxc3 28. Nf3 b6 29. Rc1 Qd3 30. h3 Qa6 31. Rc7 Rec8 32. Rac1 Nb3 33. R1c3 Nbxd4 34. g4 Rxc7 35. Rxc7 Nxf3+ 36. Kg2 Nxg5 37. gxf5 exf5 38. Rd7 Bxe5 39. Rxd5 Qb7 40. f4 Bxf4 41. Kf2 Qxd5 42. Ke2 Re8+ 43. Kf2 Re3 44. Kg1 Qd2 45. Kf1 Re1# 0-1

[Event "GER-chT U14 Girls"]
[Site "Gross Doelln"]
[Date "2010.12.27"]
[Round "1.4"]
[White "Boese, Christina"]
[Black "Thoelke, Nina"]
[Result "1/2-1/2"]
[WhiteElo "859"]
[BlackElo "1054"]
[PlyCount "29"]
[EventDate "2010.12.27"]
[EventType "team-swiss"]
[EventRounds "7"]
[EventCountry "GER"]
[SourceTitle "CBM 140 Extra"]
[Source "ChessBase"]
[SourceDate "2011.03.01"]
[SourceVersion "1"]
[SourceVersionDate "2011.03.01"]
[SourceQuality "1"]
[WhiteTeam "Bechhofen"]
[BlackTeam "Paderborn"]
[WhiteTeamCountry "GER"]
[BlackTeamCountry "GER"]

1. e4 e5 2. Nf3 Nc6 3. d4 Nf6 4. dxe5 Nxe4 5. Bd3 Nc5 6. Be3 Nxd3+ 7. Qxd3 Nb4 8. Qc3 d5 9. exd6 Bxd6 10. Nbd2 Bf5 11. Rc1 Nxa2 12. Qxg7 Rf8 13. Ra1 Nb4 14. 0-0 Nxc2 15. Rad1 1/2-1/2